| 000 | 00672nam a2200229Ia 4500 | ||
|---|---|---|---|
| 003 | GCL | ||
| 008 | 140319s9999 xx 000 0 ara d | ||
| 040 |
_aGCL / _cGCL |
||
| 082 | 0 | 4 |
_a301.635 _bع ع |
| 100 | 1 | _aعزيز العظمة | |
| 245 | 1 | 0 |
_aالعنف الاصولى : مواجهات السيف والقلم / _cعزيز العظمة |
| 700 | 1 | _aانيس الجزائرى | |
| 700 | 1 | _aاحمد بسام ساعى | |
| 300 | _a262 ص | ||
| 490 |
_aكتاب الناقد _v0 |
||
| 650 | 0 | 4 | _aالعنف |
| 650 | 0 | 4 | _aالمناقشات |
| 650 | 0 | 4 | _aالتعصب الدينى |
| 650 | 0 | 4 | _aالتطرف |
| 650 | 0 | 4 | _aسلمان رشدى |
| 942 |
_2ddc _cBK |
||
| 999 |
_c47887 _d47887 |
||